Normal view
MARC view
- الجامعات والكليات - التعليم العالي - التخطيط التربوي - الادارة التعليمية - الاردن
Entry Topical Term
001 - CONTROL NUMBER
- control field: 57034
003 - CONTROL NUMBER IDENTIFIER
- control field: JO-AjAnu
005 - DATE AND TIME OF LATEST TRANSACTION
- control field: 20230606083337.0
008 - FIXED-LENGTH DATA ELEMENTS
- fixed length control field: 230606|| aca||aabn | a|a d
040 ## - CATALOGING SOURCE
- Original cataloging agency: JO-AjAnu
- Transcribing agency: JO-AjAnu
150 ## - HEADING--TOPICAL TERM
- Topical term or geographic name entry element: الجامعات والكليات - التعليم العالي - التخطيط التربوي - الادارة التعليمية - الاردن
670 ## - SOURCE DATA FOUND
- Source citation: Work cat.: (JO-AjAnu)29102: اعداد أيوب، علي محمد عبد الله؛ اشراف احمد الخطيب, author 57033, تقدير مدى فاعلية استخدام نظام ادارة الجودة الشاملة في تطوير اداء الجامعات الاردنية